Statistics for Literary Quotes #2

Click here to take the quiz!

General Stats

  • This quiz has been taken 15,694 times
    (4,981 since last reset)
  • The average score is 9 of 17

Answer Stats

Quote Answer % Correct
Big brother is watching you.Nineteen Eighty-Four
94%
Et tu, Brute?Julius Caesar
79%
Mr. and Mrs. Dursley, of number four, Privet Drive, were proud to say that they
were perfectly normal, thank you very much.
Harry Potter and
the Philosopher's Stone
79%
"God bless us every one!" said Tiny Tim, the last of all.A Christmas Carol
74%
All children, except one, grow up.Peter Pan
73%
A rose by any other name would smell as sweet.Romeo & Juliet
70%
"Now look, your grace," said Sancho, "what you see over there aren't
giants, but windmills".
Don Quixote
65%
May the odds be ever in your favor.The Hunger Games
63%
Yo-ho-ho and a bottle of rum!Treasure Island
59%
We said there warn't no home like a raft, after all. Other places do seem
so cramped up and smothery, but a raft don't.
Adventures of
Huckleberry Finn
52%
Man shall not live by bread alone.The Bible
51%
Workers of the world, unite!The Communist Manifesto
50%
I speak for the trees. I speak for the trees, for the trees have no tongues.The Lorax
47%
If we must choose between them, it is far safer to be feared than loved.The Prince
29%
I have always depended on the kindness of strangers.A Streetcar Named Desire
26%
You are not a beautiful and unique snowflake. You are the same decaying
organic matter as everyone else, and we are all a part of the same compost pile.
Fight Club
18%
Now, here, you see, it takes all the running you can do, to keep in the same place.Through the Looking Glass
12%

Score Distribution

Percentile by Number Answered

Percent of People with Each Score

Your Score History

You have not taken this quiz since the last reset